Mexico : Review Under the Flexible Credit Line Arrangement; Staff Report and Press Release on the Executive Board Discussion.

Mexico's strong policy framework has helped cushion the impact of the global crisis. The staff report highlights Mexico's review under the Flexible Credit Line Arrangement. The flexible exchange rate has adjusted, the inflation targeting framework has provided an anchor for expectations, a...

Ausführliche Beschreibung

Bibliographische Detailangaben
Körperschaft: International Monetary Fund
Format: Zeitschrift
Sprache:English
Veröffentlicht: Washington, D.C. : International Monetary Fund, 2009.
Schriftenreihe:IMF Staff Country Reports; Country Report ; No. 2009/302
Online Zugang:Full text available on IMF
LEADER 01676cas a2200241 a 4500
001 AALejournalIMF006111
008 230101c9999 xx r poo 0 0eng d
020 |c 5.00 USD 
020 |z 9781451825879 
022 |a 1934-7685 
040 |a BD-DhAAL  |c BD-DhAAL 
110 2 |a International Monetary Fund. 
245 1 0 |a Mexico :   |b Review Under the Flexible Credit Line Arrangement; Staff Report and Press Release on the Executive Board Discussion. 
264 1 |a Washington, D.C. :  |b International Monetary Fund,  |c 2009. 
300 |a 1 online resource (25 pages) 
490 1 |a IMF Staff Country Reports 
500 |a <strong>Off-Campus Access:</strong> No User ID or Password Required 
500 |a <strong>On-Campus Access:</strong> No User ID or Password Required 
506 |a Electronic access restricted to authorized BRAC University faculty, staff and students 
520 3 |a Mexico's strong policy framework has helped cushion the impact of the global crisis. The staff report highlights Mexico's review under the Flexible Credit Line Arrangement. The flexible exchange rate has adjusted, the inflation targeting framework has provided an anchor for expectations, and the fiscal rule and strengthened public sector balance sheets have averted disruptive moves in fiscal risk premia. Substantial liquidity has been provided to the foreign exchange market. Support has been put in place for a variety of domestic financial market segments. 
538 |a Mode of access: Internet 
830 0 |a IMF Staff Country Reports; Country Report ;  |v No. 2009/302 
856 4 0 |z Full text available on IMF  |u http://elibrary.imf.org/view/journals/002/2009/302/002.2009.issue-302-en.xml  |z IMF e-Library